Hősiesség a társadalmi nemek keretein túl - Jeanne d'Arc és a kilenc hős Christine de Pizan munkáiban [absztrakt] /

Elmentve itt :
Bibliográfiai részletek
Szerző: Nagy Eszter Hedvig
Testületi szerző: Országos Tudományos Diákköri Konferencia (37.)
További közreműködők: Pizan Christine de
Dokumentumtípus: Könyv része
Megjelent: Szegedi Tudományegyetem Bölcsészet- és Társadalomtudományi Kar Szeged 2025
Sorozat:Országos Tudományos Diákköri Konferencia : Humán Tudományi Szekció
Kulcsszavak:Jeanne d'Arc - előadáskivonat, Nemek szerepe - 14-15. sz. - előadáskivonat, Francia irodalom - költészet - 15. sz. - előadáskivonat, Verselemzés - előadáskivonat
Tárgyszavak:
Online Access:http://acta.bibl.u-szeged.hu/87830
LEADER 01155naa a2200229 i 4500
001 acta87830
005 20250604163559.0
008 250604s2025 hu o 100 hun d
020 |a 978-963-688-043-9 
040 |a SZTE Egyetemi Kiadványok Repozitórium  |b hun 
041 |a hun 
100 1 |a Nagy Eszter Hedvig 
245 1 0 |a Hősiesség a társadalmi nemek keretein túl - Jeanne d'Arc és a kilenc hős Christine de Pizan munkáiban   |h [elektronikus dokumentum] :  |b [absztrakt] /  |c  Nagy Eszter Hedvig 
260 |a Szegedi Tudományegyetem Bölcsészet- és Társadalomtudományi Kar  |b Szeged  |c 2025 
300 |a 494 
490 0 |a Országos Tudományos Diákköri Konferencia : Humán Tudományi Szekció 
650 4 |a Bölcsészettudományok 
650 4 |a Nyelvek és irodalom 
695 |a Jeanne d'Arc - előadáskivonat, Nemek szerepe - 14-15. sz. - előadáskivonat, Francia irodalom - költészet - 15. sz. - előadáskivonat, Verselemzés - előadáskivonat 
700 0 1 |a Pizan Christine de 
710 |a Országos Tudományos Diákköri Konferencia (37.)  |c Szeged 
856 4 0 |u http://acta.bibl.u-szeged.hu/87830/1/otdk_2025_human_494.pdf  |z Dokumentum-elérés